000 01071cam a2200277 a 4500
001 13089294
005 20150528105715.0
008 030211r20031990cau 000 0 eng
010 _a 2003044056
020 _a9780898048018
040 _aDLC
_cDLC
_dDLC
043 _an-us---
050 0 0 _aPS745.A3
_bJ37 2003
082 0 0 _a818./102
_221
100 1 _aFranklin, Benjamin,
_d1706-1790.
_917618
245 1 0 _aFart proudly :
_bwritings of Benjamin Franklin you never read in school /
_ccompiled & edited by Carl Japikse.
260 _aBerkeley, Calif. :
_bFrog, Ltd. ;
_aColumbus, Ohio :
_bEnthea Press,
_cc2003.
300 _a128 p. ;
_c22 cm.
600 1 0 _aFranklin, Benjamin,
_d1706-1790
_vQuotations.
_917619
650 0 _aQuotations, American.
_917620
650 0 _aSatire, American.
_917621
700 1 _aJapikse, Carl.
_917622
906 _a7
_bcbc
_corignew
_d1
_eocip
_f20
_gy-gencatlg
942 _2lcc
_cMONOGRAPH
999 _c122785
_d122785